000 00565nam a2200241 a 4500
001 nice12345678
003 IN_TiNIC
005 20260116011905.0
008 050524s1967 azaa grp 000 0 per
020 _a
_c100
082 0 0 _a891.51
_bFAR1
100 _aFarahi, Hameeduddin
245 _aNawa-I-Pahelvi
260 _aAzam Garh
_bHameedia Press
_c1967
300 _a55p
500 _aincludes index and biblioraphy
505 2 _aApp
650 _aPersian Poetry
700 1 _aFarahi, Hameeduddin
902 _bSRS
942 _cBK
999 _c4737
_d4737